Guess the Just Dance 1 Song (with images) - Statistics

General Stats
  • This quiz has been taken 18 times
  • The average score is 16 of 32
Answer Stats
Picture Hint Answer % Correct
Baha Men Who Let the Dogs Out?
94%
Rednex Cotton Eye Joe
75%
Survivor Eye of the Tiger
75%
Katy Perry Hot N Cold
75%
Cyndi Lauper Girls Just Want to Have Fun
69%
Spice Girls Wannabe
69%
Blondie Heart of Glass
63%
Chic Le Freak
63%
MC Hammer U Can't Touch This
63%
Reel 2 Real ft. The Mad Stuntman I Like to Move It (Radio Mix)
56%
Kim Wilde Kids in America
56%
Anita Ward Ring My Bell
56%
Britney Spears (The Gym All-Stars cover) Womanizer
56%
Deee-Lite Groove Is in the Heart
50%
Technotronic Pump Up the Jam
50%
Calvin Harris Acceptable in the 80s
44%
Elvis Presley vs. JXL A Little Less Conversation (JXL Radio Edit Remix)
44%
Kylie Minogue Can't Get You Out of My Head
44%
Irene Cara (The Karaoke Channel cover) Fame
44%
The Beach Boys I Get Around
44%
Gorillaz Dare
38%
Blur Girls & Boys
38%
Caesars Jerk It Out
38%
The Presidents of the United States of America Lump
38%
New Kids on the Block Step by Step
38%
The Trashmen Surfin' Bird
38%
KC and the Sunshine Band That's The Way (I Like It)
38%
Divine Brown Bebe
31%
The B-52's Funplex (CSS Remix)
31%
Fatboy Slim Jin Go Lo Ba
31%
Iggy Pop Louie Louie
31%
Dee Dee Sharp Mashed Potato Time
31%
No matching quizzes found
Score Distribution
Percent of People with Each Score
Percentile by Number Answered
Your Score History
You have not taken this quiz